| 000 | 00356 a2200157 4500 | ||
|---|---|---|---|
| 001 | 64291 | ||
| 020 | _a850000586 | ||
| 040 | _cAnchieta - Pituba | ||
| 100 | _aCarrasco, Walcyr | ||
| 240 | 1 | 0 |
_aVinte mil léguas submarinas _lpor |
| 245 | 1 | 0 | _aVinte mil léguas submarinas |
| 300 | _a158 | ||
| 362 | 0 | _a2004 | |
| 650 | 4 | _aLiteratura juvenil | |
| 942 | _cBK | ||
| 999 |
_c64291 _d64291 |
||